000 00374nam a2200145Ia 4500
005 20250405181554.0
008 240331s9999 xx 000 0 und d
082 _bSAN
_a894
100 _aSanthan, A
245 0 _aInnoru venniravu
260 _aJaffna
_bVenn Pura Publications
_c1888
300 _aviii, 42 p .,
500 _aCollection of Short Stories in Tamil
942 _cL
999 _c4153
_d4153